[Event "LSS WC-2012-T-00003"]
[Site "LSS email"]
[Date "2010.12.19"]
[Round "?"]
[White "Gornoi, Meelik"]
[Black "Dutra Neto, Alfredo Carlos S"]
[Result "1/2-1/2"]
[WhiteElo "2326"]
[BlackElo "2437"]
[PlyCount "89"]
[EventDate "2010.12.18"]
[EventType "tourn (corr)"]
[EventRounds "10"]
[EventCountry "GER"]
[SourceTitle "Telechess CBM 155"]
[Source "ChessBase"]
[SourceDate "2013.07.16"]
[SourceVersion "1"]
[SourceVersionDate "2013.07.16"]
[SourceQuality "1"]

1. e4 c5 2. Nf3 d6 3. d4 cxd4 4. Nxd4 Nf6 5. Nc3 Nc6 6. Bg5 e6 7. Qd2 Be7 8. 0-0-0 0-0 9. f4 h6 10. Bh4 Nxd4 11. Qxd4 Qa5 12. Bc4 e5 13. fxe5 dxe5 14. Qd3 Bg4 15. Rdf1 Rac8 16. Bxf6 Bxf6 17. Kb1 Be6 18. Nd5 Bh4 19. Bb3 Qc5 20. Qf3 a5 21. Qh5 Bd8 22. Qxe5 b5 23. c3 a4 24. Bc2 a3 25. b4 Qc6 26. Rf3 Re8 27. Qd4 Bc7 28. Bb3 Rcd8 29. h3 Qd6 30. Qd3 Qc6 31. Rhf1 Qb7 32. g4 Rd7 33. Qc2 Bd8 34. Qf2 Bc7 35. Rd1 Be5 36. Qc2 Kh8 37. Qc1 Qa6 38. g5 h5 39. Rfd3 g6 40. Qe3 Qc6 41. Qf3 Rc8 42. R1d2 Qb7 43. Rc2 Kg7 44. h4 Rcd8 45. Qe3 1/2-1/2

[Event "LSS CP-2005-F-00001"]
[Site "LSS email"]
[Date "2009.07.01"]
[Round "?"]
[White "Gornoi, Meelik"]
[Black "Contreras Poblete, Juan Antonio"]
[Result "1/2-1/2"]
[WhiteElo "2320"]
[BlackElo "2402"]
[PlyCount "76"]
[EventDate "2009.07.01"]
[EventType "tourn (corr)"]
[EventRounds "14"]
[EventCountry "GER"]
[SourceTitle "Corr 2013"]
[Source "ChessBase"]
[SourceDate "2012.11.12"]
[SourceVersion "1"]
[SourceVersionDate "2012.11.12"]
[SourceQuality "1"]
[WhiteTeam "US of America"]
[BlackTeam "US of America"]
[WhiteTeamCountry "USA"]
[BlackTeamCountry "USA"]

1. e4 e5 2. Nf3 Qe7 3. Bc4 d6 4. 0-0 Be6 5. Na3 Nf6 6. d4 Bg4 7. h3 Bh5 8. Re1 c6 9. c3 Qc7 10. g4 Bg6 11. g5 Nxe4 12. Bd3 d5 13. Nxe5 Bxa3 14. bxa3 0-0 15. Nxg6 hxg6 16. Bxe4 dxe4 17. Rxe4 Nd7 18. Qe2 Nb6 19. Kg2 Qd6 20. Rb1 Qd5 21. Kg3 Rad8 22. Re5 Qd7 23. Re7 Qc8 24. Qg4 Qa8 25. Bd2 Rfe8 26. Rbe1 Rxe7 27. Rxe7 Re8 28. Qe2 Rxe7 29. Qxe7 Nd5 30. Qe1 Qf8 31. Bc1 Qd6+ 32. Kg2 Kh7 33. c4 Nb6 34. c5 Qd5+ 35. Kg3 Nc4 36. Qc3 b6 37. Qf3 Qxd4 38. cxb6 axb6 1/2-1/2

[Event "LSS CP-2005-F-00001"]
[Site "LSS email"]
[Date "2009.07.01"]
[Round "?"]
[White "Gornoi, Meelik"]
[Black "Leemans, Robert"]
[Result "1-0"]
[WhiteElo "2324"]
[BlackElo "2251"]
[PlyCount "89"]
[EventDate "2009.07.01"]
[EventType "tourn (corr)"]
[EventRounds "14"]
[EventCountry "GER"]
[SourceTitle "Telechess CBM 141"]
[Source "ChessBase"]
[SourceDate "2011.03.17"]
[SourceVersion "1"]
[SourceVersionDate "2011.03.17"]
[SourceQuality "1"]

1. e4 e5 2. Nf3 Nc6 3. Bb5 a6 4. Ba4 Nf6 5. 0-0 Be7 6. Re1 b5 7. Bb3 0-0 8. h3 Bb7 9. d3 d6 10. a3 Qd7 11. Nc3 Rfe8 12. Ne2 Nd8 13. Ng3 Ne6 14. c3 c5 15. d4 exd4 16. cxd4 d5 17. e5 Ne4 18. Nf5 Bf8 19. Be3 Rac8 20. dxc5 N6xc5 21. N5d4 Nxb3 22. Qxb3 g6 23. Rad1 Rc4 24. Qd3 Bg7 25. Bf4 Qe7 26. Qe3 b4 27. axb4 Qxb4 28. Bh6 Bh8 29. b3 Rc3 30. Qf4 Qb6 31. h4 Rc7 32. Rc1 Rce7 33. Qe3 Rc7 34. Rxc7 Qxc7 35. Rc1 Qb6 36. h5 Qd8 37. Rc2 Qe7 38. Nc6 Qe6 39. Nfd4 Qd7 40. Bf4 Bg7 41. h6 Bxc6 42. hxg7 Bb5 43. f3 Nd6 44. g4 Qd8 45. Bg3 1-0

[Event "LSS CP-2005-F-00001"]
[Site "LSS email"]
[Date "2009.07.01"]
[Round "?"]
[White "Gornoi, Meelik"]
[Black "Petrovic, Djordje R"]
[Result "1/2-1/2"]
[WhiteElo "2317"]
[BlackElo "2585"]
[PlyCount "85"]
[EventDate "2009.07.01"]
[EventType "tourn (corr)"]
[EventRounds "14"]
[EventCountry "GER"]
[SourceTitle "Telechess CBM 141"]
[Source "ChessBase"]
[SourceDate "2011.03.17"]
[SourceVersion "1"]
[SourceVersionDate "2011.03.17"]
[SourceQuality "1"]

1. e4 c5 2. Nf3 Nc6 3. d4 cxd4 4. Nxd4 Nf6 5. Nc3 d6 6. Bg5 e6 7. Qd2 a6 8. 0-0-0 Bd7 9. f3 Be7 10. Be3 h5 11. Kb1 Qc7 12. Nxc6 Bxc6 13. Ne2 d5 14. e5 Nd7 15. f4 Bb5 16. g3 0-0-0 17. Bg2 Bxe2 18. Qxe2 Kb8 19. Rhf1 g6 20. Rd3 Bc5 21. Bd2 Rc8 22. Rc1 Ba7 23. c4 dxc4 24. Ra3 Bd4 25. Ba5 Nb6 26. Qe4 Rhd8 27. Bb4 Nd5 28. Bd6 Rxd6 29. exd6 Qb6 30. Qe2 Ne3 31. d7 Rd8 32. Rxc4 Nxc4 33. Rb3 Qxb3 34. axb3 Ne3 35. Qd3 Rxd7 36. Be4 Kc7 37. Ka2 Bb6 38. Qc3+ Kb8 39. b4 Rc7 40. Qd3 Rc4 41. b3 Rc7 42. b5 a5 43. Qd6 1/2-1/2

[Event "LSS CP-2005-F-00001"]
[Site "LSS email"]
[Date "2009.07.01"]
[Round "?"]
[White "Ivanov, Alexandr Sergeevich"]
[Black "Gornoi, Meelik"]
[Result "1/2-1/2"]
[WhiteElo "2321"]
[BlackElo "2340"]
[PlyCount "95"]
[EventDate "2009.07.01"]
[EventType "tourn (corr)"]
[EventRounds "14"]
[EventCountry "GER"]
[SourceTitle "Telechess CBM 151"]
[Source "ChessBase"]
[SourceDate "2012.11.13"]
[SourceVersion "1"]
[SourceVersionDate "2012.11.13"]
[SourceQuality "1"]

1. e4 c5 2. Nf3 d6 3. d4 cxd4 4. Nxd4 Nf6 5. Nc3 a6 6. Be3 e5 7. Nb3 Be6 8. f3 Be7 9. Qd2 0-0 10. 0-0-0 Nbd7 11. g4 b5 12. g5 b4 13. Ne2 Ne8 14. f4 a5 15. f5 a4 16. Nbd4 exd4 17. Nxd4 b3 18. Kb1 bxc2+ 19. Nxc2 Bb3 20. axb3 axb3 21. Na3 Ne5 22. h4 Ra4 23. Bd4 Qa8 24. Qe3 Kh8 25. Bb5 Ra5 26. Bc3 Rxa3 27. bxa3 Nc7 28. Bf1 Qxa3 29. Rh2 Rb8 30. Rb2 Ra8 31. Kc1 Na6 32. Bxe5 dxe5 33. Qxb3 Qa5 34. Bxa6 Qxa6 35. Kd2 h6 36. Ke1 hxg5 37. Qb7 Qa3 38. Rb3 Qa2 39. hxg5 Bxg5 40. Rh3+ Kg8 41. Qd5 Qa4 42. Kf1 Rc8 43. Kg2 Qc2+ 44. Kh1 Qf2 45. Qd3 Qf4 46. Qe2 Rc7 47. Rf1 Rc1 48. Rxc1 1/2-1/2

[Event "LSS CP-2005-F-00001"]
[Site "LSS email"]
[Date "2009.07.01"]
[Round "?"]
[White "Petrovic, Djordje R"]
[Black "Gornoi, Meelik"]
[Result "1-0"]
[WhiteElo "2590"]
[BlackElo "2315"]
[PlyCount "105"]
[EventDate "2009.07.01"]
[EventType "tourn (corr)"]
[EventRounds "14"]
[EventCountry "GER"]
[SourceTitle "Telechess CBM 141"]
[Source "ChessBase"]
[SourceDate "2011.03.17"]
[SourceVersion "1"]
[SourceVersionDate "2011.03.17"]
[SourceQuality "1"]

1. e4 c5 2. Nf3 d6 3. d4 cxd4 4. Nxd4 Nf6 5. Nc3 a6 6. Be2 e6 7. 0-0 Be7 8. f4 0-0 9. Be3 Nc6 10. a4 Qc7 11. Bf3 Re8 12. Kh1 Rb8 13. g4 Nd7 14. g5 b6 15. Bg2 Bb7 16. Qh5 g6 17. Qh3 Bf8 18. f5 Nxd4 19. Bxd4 Ne5 20. Rf4 b5 21. axb5 axb5 22. Rh4 exf5 23. exf5 Bxg2+ 24. Qxg2 Bg7 25. Nd5 Qc8 26. f6 Bf8 27. Bg1 Nd7 28. Rd1 Ra8 29. Re4 Rxe4 30. Qxe4 Ra4 31. b4 Qa8 32. Ne7+ Bxe7 33. Qxa8+ Rxa8 34. fxe7 Re8 35. Rxd6 Rxe7 36. Rd5 f5 37. gxf6 Nxf6 38. Rxb5 Rc7 39. Rc5 Rb7 40. b5 Ne4 41. Rd5 Nc3 42. Rd8+ Kf7 43. b6 Ke6 44. Rd3 Nd5 45. c4 Nb4 46. Rd2 Nc6 47. Kg2 Na5 48. c5 Rd7 49. Ra2 Nc6 50. Be3 Ke5 51. Rb2 Nb8 52. Rd2 Rb7 53. Rd6 1-0

[Event "LSS WC-2011-S-00010"]
[Site "LSS email"]
[Date "2008.10.23"]
[Round "?"]
[White "Gornoi, Meelik"]
[Black "Veiseh, David"]
[Result "1-0"]
[WhiteElo "2311"]
[BlackElo "1914"]
[PlyCount "77"]
[EventDate "2008.10.23"]
[EventType "tourn (corr)"]
[EventRounds "10"]
[EventCountry "GER"]
[SourceTitle "Telechess CBM 137"]
[Source "ChessBase"]
[SourceDate "2010.07.15"]
[SourceVersion "1"]
[SourceVersionDate "2010.07.15"]
[SourceQuality "1"]

1. e4 c5 2. Nf3 d6 3. d4 cxd4 4. Nxd4 Nf6 5. Nc3 a6 6. Be3 g6 7. Be2 Bg7 8. 0-0 0-0 9. a4 Nc6 10. Qd2 Qa5 11. Rfd1 Bd7 12. Nb3 Qc7 13. a5 Ne5 14. Bb6 Qc8 15. f4 Bh6 16. Bd4 Bg4 17. Rf1 Be6 18. Ra4 Qd7 19. Qd1 Nc6 20. Bb6 Bg4 21. Bxg4 Qxg4 22. Nd5 Qxd1 23. Rxd1 Nd7 24. g3 Bg7 25. c3 e6 26. Nc7 Rad8 27. Kg2 Nc5 28. Nxc5 dxc5 29. Raa1 c4 30. e5 g5 31. Rd6 h5 32. Rad1 Rc8 33. Rxc6 bxc6 34. Nxa6 gxf4 35. gxf4 f6 36. f5 fxe5 37. fxe6 e4 38. Nc7 Be5 39. e7 1-0

[Event "LSS CP-2005-S-00006"]
[Site "LSS email"]
[Date "2008.04.12"]
[Round "?"]
[White "Deforel, Jorge Eduardo"]
[Black "Gornoi, Meelik"]
[Result "0-1"]
[WhiteElo "2068"]
[BlackElo "2277"]
[PlyCount "96"]
[EventDate "2008.04.12"]
[EventType "tourn (corr)"]
[EventRounds "6"]
[EventCountry "GER"]
[SourceTitle "Corr 2011"]
[Source "ChessBase"]
[SourceDate "2010.08.31"]
[SourceVersion "1"]
[SourceVersionDate "2010.08.31"]
[SourceQuality "1"]

1. d4 Nf6 2. Nf3 g6 3. g3 Bg7 4. Bg2 0-0 5. 0-0 d5 6. c4 dxc4 7. Na3 c3 8. bxc3 c5 9. e3 Nc6 10. Qe2 Bf5 11. Rd1 Qb6 12. c4 Rfd8 13. Bb2 Ne4 14. Nb5 a6 15. Nc3 cxd4 16. exd4 Nxd4 17. Nxd4 Rxd4 18. Bxe4 Bxe4 19. c5 Bf3 20. cxb6 Bxe2 21. Nxe2 Rxd1+ 22. Rxd1 Bxb2 23. Rd7 Rb8 24. Rxe7 Kf8 25. Rd7 Ke8 26. Rd2 Be5 27. Kg2 Rc8 28. Rd5 Bf6 29. a4 Rc4 30. a5 Be7 31. Nf4 Rc5 32. Kf3 Rxd5 33. Nxd5 Bc5 34. g4 Kd7 35. Nf6+ Ke7 36. Nxh7 Bb4 37. Ng5 Bxa5 38. Ne4 f5 39. gxf5 gxf5 40. Ng3 Ke6 41. Kf4 Bxb6 42. Nxf5 a5 43. Ke4 Bxf2 44. Ng7+ Kd7 45. Kd5 b5 46. Nh5 a4 47. Nf6+ Kc7 48. Ne4 a3 0-1

[Event "LSS CP-2005-S-00006"]
[Site "LSS email"]
[Date "2008.04.12"]
[Round "?"]
[White "Gornoi, Meelik"]
[Black "Dutra Neto, Alfredo Carlos S"]
[Result "1/2-1/2"]
[WhiteElo "2285"]
[BlackElo "2421"]
[PlyCount "95"]
[EventDate "2008.04.12"]
[EventType "tourn (corr)"]
[EventRounds "6"]
[EventCountry "GER"]
[SourceTitle "Corr 2011"]
[Source "ChessBase"]
[SourceDate "2010.08.31"]
[SourceVersion "1"]
[SourceVersionDate "2010.08.31"]
[SourceQuality "1"]

1. e4 c5 2. Nf3 Nc6 3. d4 cxd4 4. Nxd4 Nf6 5. Nc3 e5 6. Ndb5 d6 7. Bg5 a6 8. Na3 b5 9. Nd5 Be7 10. Bxf6 Bxf6 11. c3 0-0 12. Nc2 Rb8 13. h4 a5 14. a3 g6 15. g3 Bg7 16. h5 Ne7 17. hxg6 fxg6 18. Nce3 Kh8 19. Bh3 Nxd5 20. Nxd5 Bb7 21. Be6 Bf6 22. Qg4 Bg5 23. Rd1 b4 24. axb4 axb4 25. c4 Ra8 26. 0-0 Bxd5 27. Bxd5 Ra7 28. Rd3 Kg7 29. Kg2 h5 30. Qe2 Qd7 31. Rb3 Ra4 32. Qe1 h4 33. Qd1 Rf6 34. Qe2 hxg3 35. fxg3 Qa7 36. Rbf3 Ra1 37. Rxf6 Bxf6 38. Rf2 Qd7 39. Qf3 Qd8 40. Qg4 Qe8 41. Qh3 Rb1 42. b3 Ra1 43. g4 g5 44. Qf3 Qg6 45. Qe2 Qh6 46. Rf1 Rxf1 47. Qxf1 Qh8 48. Qf5 1/2-1/2